[Event "EU-chT (Men) 13th"]
[Site "Leon"]
[Date "2001.11.09"]
[Round "4.2"]
[White "Kempinski, Robert"]
[Black "Sutovsky, Emil"]
[Result "0-1"]
[WhiteElo "2586"]
[BlackElo "2664"]
[Annotator "Krasenkow,M"]
[PlyCount "68"]
[EventDate "2001.11.06"]
[EventType "team-swiss"]
[EventRounds "9"]
[EventCountry "ESP"]
[SourceTitle "CBM 086"]
[Source "ChessBase"]
[SourceDate "2002.02.05"]
[SourceVersion "1"]
[SourceVersionDate "2002.02.05"]
[SourceQuality "1"]
[WhiteTeam "Poland"]
[BlackTeam "Israel"]
[WhiteTeamCountry "POL"]
[BlackTeamCountry "ISR"]

1. d4 Nf6 2. c4 g6 3. Nc3 d5 4. Nf3 Bg7 5. cxd5 Nxd5 6. e4 Nxc3 7. bxc3 c5 8.
Be3 Qa5 9. Qd2 Nc6 10. Rc1 e6 $5 {A new move analysed by Izraeli players. Its
idea is to transfer the knight fo f5 after d4-d5 e6xd5 e4xd5.} 11. d5 (11. dxc5
{led to unclear play in the following game:} O-O 12. Qb2 f5 13. exf5 gxf5 14.
Bb5 Kh8 15. O-O e5 16. Qb3 Qc7 17. Ng5 Na5 18. Qb4 h6 19. Nf3 Be6 20. Nh4 (20.
Rcd1 $5) 20... Kh7 21. f3 Nc6 22. Qb1 Qe7 23. Bf2 Qg5 $6 (23... Rad8) 24. Rcd1
Rae8 25. Rd6 $16 {0-1 Candela Perez,J-Avrukh,B/Ubeda ESP 2001/The Week in
Chess 325 (66)}) 11... exd5 12. exd5 Ne7 {[%cal Ye7f5]} 13. Bg5 ({The typical} 
13. c4 $5 {needs further tests, e.g.} Qxd2+ 14. Kxd2 b6 15. Re1 $5 {not
allowing the black knight to f5 so far.}) 13... h6 14. Bf4 $6 {This is
harmless.} (14. Bxe7 $5 Kxe7 15. d6+ Kd8 16. Be2 {is the principled
continuation to contest Black's idea.}) 14... O-O 15. Be2 Rd8 16. c4 Qxd2+ 17.
Nxd2 Nf5 {This strong knight guarantees Black a good position.} 18. Nb3 b6 19.
g4 $6 (19. h3 $142 {securing the f4 bishop}) 19... g5 $1 {Black wants to push
the white bishop from its active position before putting his knight to d6 or
even h4.} 20. Bxg5 $6 {Of course, it is not pleasant to yield Black an
advantage of the bishop pair. However,} (20. Bd2 Nh4 21. O-O Re8 22. Rfe1 (22.
Rce1 Ba6 $1) 22... f5 {gives Black an excellent position, too.}) 20... hxg5 21.
gxf5 Bxf5 22. Rg1 Re8 (22... Bg6 $15 {is simpler}) 23. Kd2 $2 {White could
actually capture the g5 pawn:} (23. Rxg5 Bg6 (23... Bd3 $6 24. Kd2 $1 {the
point!} Bg6 (24... Bxe2 25. Rcg1) 25. f4 {with idea Bd3, and White is OK}) (
23... Bd7 24. Rd1 {followed by Rd3}) 24. Rd1 Kf8 25. Kf1 {Of course, Black is
very active but White has an extra pawn...}) 23... Bg6 24. Bd3 {24...Be5 was
imminent anyway.} Be5 $1 {White overlooked this move. Now he loses material.}
25. Bxg6 (25. Kc2 Bxh2 $19) 25... Bf4+ 26. Kd3 $6 (26. Kc3 Bxc1 27. Nxc1 fxg6
28. Rxg5 {,followed by Nc1-d3, was much more stubborn}) 26... Bxc1 27. Nxc1
fxg6 28. Rxg5 Kf7 29. Ne2 Rh8 30. Rg3 Rxh2 31. Rf3+ Kg8 32. Nf4 Rf8 33. Ke3 Rh4
34. d6 Re8+ 0-1

[Event "Moscow Aeroflot op-A"]
[Site "Moscow"]
[Date "2004.02.25"]
[Round "9"]
[White "Olafsson, Helgi"]
[Black "Huzman, Alexander"]
[Result "1-0"]
[WhiteElo "2504"]
[BlackElo "2597"]
[Annotator "Krasenkow,M"]
[PlyCount "112"]
[EventDate "2004.02.17"]
[EventType "swiss"]
[EventRounds "9"]
[EventCountry "RUS"]
[SourceTitle "CBM 100"]
[Source "ChessBase"]
[SourceDate "2004.06.01"]
[SourceVersion "1"]
[SourceVersionDate "2004.06.01"]
[SourceQuality "1"]

1. d4 Nf6 2. c4 g6 3. Nc3 d5 4. cxd5 Nxd5 5. e4 Nxc3 6. bxc3 Bg7 7. Be3 c5 8.
Qd2 Qa5 9. Rb1 b6 10. Bb5+ Bd7 11. Bd3 O-O 12. Nf3 {A rare move.} (12. Ne2 {
is usually played, without major problems for Black after} Nc6) 12... Nc6 13.
Rc1 (13. Rb5 Qa4 14. Rb2 Rad8 15. O-O Na5 16. Bh6 Nc4 17. Bxc4 Qxc4 18. Bxg7
Kxg7 19. Ne5 Qa4 20. Qe3 f6 $11 {1/2-1/2 Adla,D-Sion Castro,M/Zaragoza 1995/
EXT 97 (37)}) 13... Bg4 {A logical reply but there is nothing wrong with} (
13... e6 14. d5 exd5 15. exd5 Ne5 16. Nxe5 Bxe5 17. c4 Qxd2+ 18. Kxd2 f5 19. f4
Bf6 20. Rhe1 Rfe8 21. Bf2 Kf7 22. g3 Rxe1 23. Rxe1 Re8 24. Rc1 Ke7 25. Bc2 Kd6
$11 {1/2-1/2 Tunik,G-Atalik,S/Budapest 1992/EXT 97 (40)}) 14. d5 Rad8 $1 {
A typical manoeuvre. Black prepares ...e7-e6 and his knight will go to e5 or
d4 depending on the situation.} 15. Qc2 (15. dxc6 $6 Bxf3 16. gxf3 c4) (15. O-O
Bxf3 16. gxf3 e6 $1 17. c4 Qxd2 18. Bxd2 Nd4 $11) 15... Bxf3 (15... Nd4 $143
16. Nxd4 cxd4 17. Bd2 Rc8 18. c4) 16. gxf3 Nd4 17. Qd1 Nb5 (17... e6 18. O-O
Nc6 $5) 18. Bd2 $6 (18. Qb3 $5 Nd6 (18... Nd4 19. Qd1) 19. O-O {[%cal Yc3c4]})
18... Nd6 19. Qb3 f5 20. exf5 {This leads to a clear advantage for Black but
after} (20. c4 Qa6 {it is not easy for White to make the next move.}) 20... c4
$1 21. Bxc4 Rxf5 ({It looked attractive to deprive White of the bishop pair at
once but apparently Black was not sure whether he would manage to win the
position after} 21... Nxc4 22. Qxc4 Rxf5 23. d6+ Kh8 24. dxe7 Re5+ ({or} 24...
Re8 25. O-O Rxe7 26. Rfe1) 25. Be3 Rxe7 26. O-O Red7 27. Rfe1 $15) 22. Be2 (22.
Bd3 Re5+ 23. Be3 Bh6 $17) 22... Rxd5 (22... Qxd5 $5) 23. O-O Kh8 24. Bf4 Rf8
25. Bg3 Rd2 26. Rc2 Rxc2 27. Qxc2 Bxc3 $19 {Black has won a pawn. However,
with his pair of bishops White can put up some resistance so Black should play
accurately.} 28. Rd1 Bf6 29. a4 Rc8 30. Qb3 Rc3 31. Qe6 Qf5 32. Rxd6 {An
unexpected decision but after} (32. Qxf5 Nxf5 33. Rd7 Nd4 34. Bf1 a5 35. Rb7
Rb3 {Black should win easily.}) 32... exd6 33. Qxd6 Rc8 34. Kg2 Rd8 35. Qc7 Qd7
36. Qf4 Qd4 37. Qc7 Qd7 38. Qf4 Qe7 39. Bb5 Kg7 40. Qc4 Rd4 41. Qc8 Rd8 42. Qc4
Rd4 43. Qc8 Be5 44. Qc3 Qf6 45. Qc8 h5 46. Qb7+ Kh6 47. Qc8 h4 48. Bxe5 Qxe5 {
The simplest course to win for Black is now pushing the queenside pawns,
simultaneously threatening to attack the f2 pawn. However... it was the
"eternal" time-trouble already. Another evidence against the so-called "FIDE
time control"!} 49. Bd7 Qf6 50. Qe8 Kg7 51. Bg4 Rd2 52. Qe4 Qd6 53. Qb7+ Kh6
54. Qf7 Re2 55. Qg8 Qd4 56. Kh3 Qe5 $138 {!!!!!} 1-0

[Event "EU-Cup 27th"]
[Site "Rogaska Slatina"]
[Date "2011.09.29"]
[Round "5"]
[White "Khairullin, Ildar"]
[Black "Kurnosov, Igor"]
[Result "1-0"]
[WhiteElo "2642"]
[BlackElo "2648"]
[Annotator "Krasenkow,M"]
[PlyCount "109"]
[EventDate "2011.09.25"]
[EventType "team-swiss"]
[EventRounds "7"]
[EventCountry "SLO"]
[SourceTitle "CBM 145"]
[Source "ChessBase"]
[SourceDate "2011.11.11"]
[SourceVersion "1"]
[SourceVersionDate "2011.11.11"]
[SourceQuality "1"]
[WhiteTeam "St Petersburg"]
[BlackTeam "Tomsk 400"]
[WhiteTeamCountry "RUS"]
[BlackTeamCountry "RUS"]

1. d4 Nf6 2. c4 g6 3. Nc3 d5 4. cxd5 Nxd5 5. e4 Nxc3 6. bxc3 Bg7 7. Qa4+ Qd7 8.
Qb3 b6 9. Nf3 O-O 10. Be3 Bb7 11. Bd3 Nc6 12. Rd1 Na5 13. Qb1 c5 14. O-O cxd4
15. cxd4 Rac8 {This system was examined in CBM 116, and little has happened
since then.} (15... Rfc8 16. d5 Nc4 17. Bd4 Bxd4 18. Nxd4 e5 19. Nf3 Qe7 20.
Rc1 Nd6 21. g3 f6 22. Nd2 Rxc1 23. Rxc1 Rc8 24. Rxc8+ Bxc8 25. Qb4 Qc7 26. Nc4
Nxc4 27. Bxc4 Qc5 28. Qxc5 {1/2 Najer,E (2615)-Krasenkow,M (2672)/Warsaw 2005/
CBM 108}) 16. d5 Nc4 17. Bd4 Bxd4 18. Nxd4 Qa4 $6 (18... e5 $142 19. Nf3 f6 20.
Bxc4 (20. h3 Nd6 21. Nh2 {1/2 Sokolov,I (2676)-Krasenkow,M (2650)/Birmingham
2006/EXT 2007 (64)} Rc3 $132) 20... Rxc4 21. Rc1 Rfc8 22. Nd2 R4c5 23. Rxc5
Rxc5 24. Rc1 Qc7 25. Rxc5 Qxc5 26. h3 Ba6 27. Nf1 Qb5 28. Qa1 Qxf1+ 29. Qxf1
Bxf1 30. Kxf1 b5 31. Ke2 a5 32. g4 {1/2 Sokolov,I (2641)-Cheparinov,I (2661)/
Khanty Mansiysk 2010/CBM 139}) 19. Be2 $5 $146 {[%mdl 8] Even improving on GM
V.Milov's play in the brilliant stem game:} (19. Rfe1 Rc7 $6 (19... Qa3 $5) (
19... Rc5 $5) 20. h4 $1 Qa5 21. Qc1 $5 Rfc8 22. Bxc4 Rxc4 23. Qe3 $36 {1-0
Milov,V (2653)-Krasenkow,M (2672)/Warsaw 2005/CBM 108/[Krasenkow] (36)}) 19...
Na3 20. Qb2 Nc2 $6 {Black overlooks the idea behind his opponent's 19.Be2.} (
20... Rc5 $142 21. h4 $1 $40) 21. Bg4 $1 Rc7 $2 (21... Rc5 $8 22. Ne6 fxe6 23.
Bxe6+ Rf7 24. Qe5 Ba6 $1 {continuing resistance.}) 22. Ne6 $1 {[%mdl 128]} fxe6
23. Bxe6+ Rf7 24. Qe5 Rc8 25. Rd3 (25. Bxf7+ $142 Kxf7 26. Qe6+ Kf8 27. d6 {
with a decisive attack.}) 25... Rcf8 26. Bxf7+ Rxf7 27. Qb8+ Kg7 28. Qxb7 Qxe4
29. Rf3 {White's material advantage is quite enough for a win.} Ne1 30. Rg3 Nc2
31. h3 e5 (31... e6 32. Qa8 exd5 33. Rd1 Nd4 34. Kh1 $1 Nf5 35. Rf3 $1 Rd7 36.
Rfd3 Ne7 $140 37. Qe8 $18) 32. Qc8 $6 (32. Qa8 $1 $18) 32... Nd4 33. Re3 Qxd5 {
Black has regained a pawn; still, he doesn't manage to save the game:} 34. Qe8
Nc6 35. Rc3 Nd4 36. Re3 Nc6 37. Rc3 Nd4 38. Rc8 Ne2+ 39. Kh2 e4 (39... Nf4 40.
f3 $1) 40. Rd8 Qf5 41. f4 $1 Nxf4 42. Rd4 Qe6 43. Qxe6 Nxe6 44. Rxf7+ Kxf7 45.
Rd7+ Kf6 46. Rxa7 Ke5 47. Rb7 e3 48. Kg1 Nf4 49. Rxb6 e2 50. Kf2 Nxg2 51. Kxe2
Nf4+ 52. Kf3 Nxh3 53. Rb5+ Kd4 54. Kg3 Ng1 55. Rb2 1-0

[Event "EU-chT (Men) 15th"]
[Site "Gothenburg"]
[Date "2005.08.07"]
[Round "9.1"]
[White "Nyback, Tomi"]
[Black "Neubauer, Martin"]
[Result "1/2-1/2"]
[WhiteElo "2571"]
[BlackElo "2468"]
[Annotator "Krasenkow,M"]
[PlyCount "55"]
[EventDate "2005.07.30"]
[EventType "team-swiss"]
[EventRounds "9"]
[EventCountry "SWE"]
[SourceTitle "CBM 109"]
[Source "ChessBase"]
[SourceDate "2005.11.14"]
[SourceVersion "1"]
[SourceVersionDate "2005.11.14"]
[SourceQuality "1"]
[WhiteTeam "Finland"]
[BlackTeam "Austria"]
[WhiteTeamCountry "FIN"]
[BlackTeamCountry "AUT"]

1. d4 Nf6 2. c4 g6 3. Nc3 d5 4. cxd5 Nxd5 5. e4 Nxc3 6. bxc3 Bg7 7. Nf3 c5 8.
Rb1 O-O 9. Be2 cxd4 10. cxd4 Qa5+ 11. Bd2 Qxa2 12. O-O Bg4 13. Bg5 h6 14. Be3
Nc6 15. d5 Bxf3 16. gxf3 Rfd8 {A rare move.} (16... Nd4 {is common.}) 17. Rxb7
e6 18. Rc7 {This position sometimes arises after 15...Rfd8 16.Rxb7 e6 17.Rc7
Bxf3 18.gxf3} (18. d6 {is probably the only way for White to fight for
advantage.} Bf8 (18... Qa3 19. d7 e5 20. Qd5 Nd4 21. Bxd4 exd4 22. f4 $16 {
1-0 Van Beek,A-Potze,R/Groningen 2003/CBM 097 ext (28)}) 19. d7 {and} Ne5 20.
Bb5 {leads to a well-known line, unclear but generally pleasant for White.})
18... Nb4 {The most active move. Other options:} (18... Ne5 $6 19. f4 Nd7 20.
Rc2 (20. dxe6 Qxe6 21. Bc4 Qh3 22. f3 {looks even stronger}) 20... Qa4 21. dxe6
fxe6 22. Rd2 (22. Rc8 $5 Qxd1 23. Rxd8+ Rxd8 24. Rxd1 Kf7 25. Bxa7 $16) 22...
Qc6 23. e5 Qc7 24. Qb3 Nf8 25. Rc2 Qf7 26. Qa4 $36 {1-0 Handke,F-Wltschek,C/
Regensburg 1998/EXT 2000 (34)}) (18... Na5 $5 19. Rc2 (19. d6 $5 Be5 $13) 19...
Qb3 20. Rc5 Qa3 21. Qd3 {1/2-1/2 Ruck,R-Zaja,I/Austria 2002/CBM 090 ext}) 19.
Bc4 (19. d6 Be5 20. Bc5 Na6 $1) 19... Qb2 (19... Qa3 $5) (19... Qa5 $5) 20. d6
{Harmless, as well as the other moves seen in practice:} (20. f4 exd5 (20... a5
$6 21. d6 Na6 22. Bxa6 Rxa6 23. e5 Raa8 24. Qd3 Rab8 25. Rfc1 h5 26. Ra7 Rb5
27. Rcc7 $18 {1-0 Stankevicius,L-Haika,G/ICCF Email 2001/ICCF Telechess CBM 98
(33)}) 21. exd5 Qf6 22. d6 Qxd6 23. Qxd6 Rxd6 24. Bxf7+ Kh7 25. Bxa7 Rad8 26.
Be3 Nd5 27. Rb7 R8d7 28. Rxd7 Rxd7 29. Be6 Nxe3 30. fxe3 Re7 31. f5 Be5 32. h3
{1/2-1/2 Simonenko,S-Ernazarov,N/ICCF Email 2000/ICCF tele 09/2001}) (20. Rxa7
Rxa7 21. Bxa7 exd5 22. exd5 Qe5 23. Qb3 Nxd5 24. Rd1 Qg5+ 25. Kf1 Nf4 26. Rxd8+
Qxd8 27. Bxf7+ Kh7 28. Be3 Qf6 $11 {1/2-1/2 Van Wely,L-Ivanchuk,V/Frankfurt
2000/CBM 076 ext (56)}) 20... Qe5 21. f4 (21. Bc5 $2 Qg5+ 22. Kh1 Be5 $1 23.
Rg1 Qf4 24. Rg3 Bxd6 $17) 21... Qxd6 {Forcing a draw. Black doesn't take a
risk to play} (21... Qxe4 $5 {, which was curious and could give him good
chances.}) 22. Qxd6 Rxd6 23. f5 (23. Bc5 Rc6) (23. Bxa7 $11) 23... gxf5 24.
exf5 Nd5 25. Rxa7 Rxa7 26. Bxa7 exf5 27. Rd1 Rd7 28. Rxd5 {So, only 18.d6 can
test the merits of 16...Rfd8.} 1/2-1/2

[Event "EU-chT (Men) 15th"]
[Site "Gothenburg"]
[Date "2005.07.30"]
[Round "1.4"]
[White "Nordahl, Helge Andreas"]
[Black "Lupulescu, Constantin"]
[Result "0-1"]
[WhiteElo "2423"]
[BlackElo "2542"]
[Annotator "Krasenkow,M"]
[PlyCount "106"]
[EventDate "2005.07.30"]
[EventType "team-swiss"]
[EventRounds "9"]
[EventCountry "SWE"]
[SourceTitle "CBM 109"]
[Source "ChessBase"]
[SourceDate "2005.11.14"]
[SourceVersion "1"]
[SourceVersionDate "2005.11.14"]
[SourceQuality "1"]
[WhiteTeam "Norway"]
[BlackTeam "Romania"]
[WhiteTeamCountry "NOR"]
[BlackTeamCountry "ROU"]

1. d4 Nf6 2. c4 g6 3. Nc3 d5 4. cxd5 Nxd5 5. e4 Nxc3 6. bxc3 c5 7. Be3 Bg7 8.
Nf3 Qa5 9. Qd2 Nc6 10. Rb1 cxd4 11. cxd4 Qxd2+ 12. Kxd2 O-O 13. d5 Na5 14. Bd3
(14. Bc5 {was examined in CBM90, annotations to Khenkin-Sutovsky. The text
move is quite healthy (development!) but Black keeps sufficient counterchances
anyway.}) 14... e6 (14... f5 $5 15. Rhc1 fxe4 16. Bxe4 Bf5 17. Kd3 b6 18. Rc7
$14 {1-0 Umansky,M-Aker,N/Chessfriend.com 2003/Telechess CBM 97 A strange
outcome! Did Black withdraw from the correspondence tournament?}) 15. Bc5 Rd8
16. Be7 Rd7 17. d6 a6 {A similar idea was applied in my game against
Cyborowski (CBM 89). It's very difficult for White to keep his outposts in the
centre.} 18. Rb6 Nc6 19. Rxc6 {White decides on an exchange sacrifice to keep
his d6 pawn.} bxc6 20. Rb1 Bb7 $1 $146 {[%mdl 8] Black plans ...c6-c5 aiming
at the e4 pawn and the white knight. In previous games played with this line
Black exchanged the e7 bishop at once but weakness of the dark squares in his
camp (particularly f6) gave White a sufficient compensation:} (20... Bf8 21.
Bxf8 Kxf8 22. e5 f6 (22... Rb7 23. Rc1 $5 Rb2+ 24. Ke3 Bd7 25. Ng5 h6 26. Nh7+
Ke8 27. Nf6+ Kd8 28. Rc4 a5 29. Rh4 h5 30. g4 $16 {1-0 Doettling,F-Bildat,J/
Bad Wiessee 2003/EXT 2004 (45)}) 23. exf6 e5 (23... Rxd6 24. Ne5 $44) 24. Ng5
Rxd6 25. Ke3 h6 26. Ne4 Rd5 27. Rb6 Bf5 28. Rxc6 Rad8 29. Bxa6 $13 {1/2-1/2
Stohl,I-Hawelko,M/Houstka 1982/EXT 2002 (43)}) 21. e5 {Otherwise Black simply
obtains an excellent position giving up the exchange on e7, if necessary, e.g.}
(21. Ke3 c5 22. Bc4 Re8 23. Rb6 Rexe7 24. dxe7 Bh6+ 25. Ke2 Rxe7 $17 {[%csl
Re4]}) 21... c5 22. Rxb7 $5 {A desperate attempt but the exchange of rooks is
clearly favorable for Black.} Rxb7 23. Be4 Rxe7 $1 {Black prefers to get rid
of this, more dangerous bishop.} (23... Raa7 24. Bxb7 Rxb7 25. Kd3 $44 {
[%csl Gd6,Ge7][%cal Yd3c4]}) 24. Bxa8 Re8 25. Bc6 Rc8 {Black tries to activate
his rook.} (25... Rd8 {[%cal Yf7f6] was possible, too:} 26. Kd3 f6 27. Kc4 (27.
d7 Kf7) 27... fxe5 28. d7 Kf8 29. Ng5 Ke7 30. Ne4 Rb8 31. Nxc5 Rb6 $1 $17 {e.g.
} 32. Bb7 a5 33. Bc8 Rb4+ 34. Kd3 e4+ $1 35. Kd2 $140 Bd4 36. Nxe6 Bb6) 26. Bb7
(26. d7 Rd8 27. Kd3 Kf8 28. Kc4 Ke7 29. Kxc5 Rb8 $17) 26... Rb8 (26... Rd8 $6 {
[%cal Cb7a6,Yf7f6]} 27. Bxa6 f6 28. Bb5 fxe5 29. d7 e4 30. Ng5 Bh6 31. h4 $44)
27. Bxa6 Kf8 28. Kc3 $4 {A decisive blunder but after} (28. a4 Rb2+ 29. Ke3 (
29. Kd3 Rxf2 30. Bb7 Rxg2 31. a5 Ra2 32. a6 h6 33. Kc4 Ra5 $19) 29... Bh6+ 30.
Kd3 Rxf2 {or}) (28. Kc2 Rb4 {Black should gradually win all the same.}) 28...
Rb6 29. Bc4 (29. d7 Ke7 30. Bc8 Rb4 {is hopeless for White as he is totally
passive.}) 29... Rxd6 30. a4 {This pawn is strong but... it's now alone! Black
easily brings home his advantage.} Rd1 31. Bb5 Ke7 32. Kc2 Rd8 33. a5 Rc8 34.
Kb3 Rc7 35. Kc4 Kd8 36. h3 h6 37. Ba4 Kc8 38. Bc2 Ra7 39. Kb5 Rb7+ 40. Kc6 Rc7+
41. Kb6 c4 42. Nd4 Bxe5 43. Nc6 Rb7+ 44. Kc5 Rb2 45. Be4 c3 46. Nxe5 c2 47. Nd3
Rb3 48. Nc1 Rb1 49. Ne2 Re1 50. Bxc2 Rxe2 51. Bd3 Rxf2 52. Kb6 Rxg2 53. a6 Rb2+
{An important game putting the exchange sacrifice (and the whole system for
White?) under serious doubt.} 0-1

[Event "ESP-ch Gp A"]
[Site "Cala Mendia"]
[Date "2001.11.20"]
[Round "4"]
[White "Gomez Esteban, Juan Mario"]
[Black "Illescas Cordoba, Miguel"]
[Result "1/2-1/2"]
[WhiteElo "2499"]
[BlackElo "2577"]
[Annotator "Krasenkow,M"]
[PlyCount "40"]
[EventDate "2001.11.17"]
[EventType "tourn"]
[EventRounds "5"]
[EventCountry "ESP"]
[EventCategory "11"]
[SourceTitle "CBM 086"]
[Source "ChessBase"]
[SourceDate "2002.02.05"]
[SourceVersion "1"]
[SourceVersionDate "2002.02.05"]
[SourceQuality "1"]

1. d4 Nf6 2. c4 g6 3. Nc3 d5 4. cxd5 Nxd5 5. e4 Nxc3 6. bxc3 Bg7 7. Bb5+ c6 8.
Ba4 O-O 9. Ne2 c5 10. O-O Nc6 11. Be3 Qc7 12. Rc1 Na5 $146 {Unbelievably, this
move (recommended by V.Kramnik ten years ago) appears to be a novelty in this
well-known position. Black's plan is either ...Nc4 or ...b6 and ...Bb7.} 13. d5
(13. Bf4 e5 14. Bg3 $1 {is more logical to immediately press the black centre.
Black's a5 knight doesn't look perfectly placed then.}) 13... Nc4 14. Bf4 Be5
15. Bxe5 Qxe5 16. Bc2 {White needn't keep this bishop.} ({After} 16. Ng3 Qf4 $1
17. Qe2 Ne5 {Black could set a blockade but}) (16. Qd3 $5 Nb2 17. Qc2 Nxa4 18.
f4 Qd6 19. Qxa4 f5 20. Ng3 {deserved attention.}) 16... e6 17. f4 Qc7 18. Qd3
exd5 19. exd5 Nd6 20. Ng3 {[%cal Yf4f5]} c4 ({After} 20... c4 21. Qf3 f5 $1 {
[%csl Rc2,Rg3]} ({but not} 21... Qc5+ 22. Kh1 Re8 $2 23. f5 Qe3 24. fxg6 fxg6
25. Qf6 Qe5 26. Bxg6 $1 hxg6 27. Qxg6+ Kh8 28. Rf6 $18) 22. Rce1 Bd7 {Black is
OK as his knight can cover the e5 square from f7 and White can't do anything
with his passive minor pieces.}) 1/2-1/2